| 000 | 00685nam a22002177a 4500 | ||
|---|---|---|---|
| 999 |
_c10723 _d10723 |
||
| 003 | AR-CdUCM | ||
| 008 | 190401b ||||| |||| 00| 0 spa d | ||
| 040 |
_aMUNICIPALIDAD PROVINCIAL DEL CUSCO _cBIBLIOTECA MUNICIPAL DEL CUSCO |
||
| 082 |
_aES / 800 / _bT98 |
||
| 100 |
_aTymothin, Grace O. _927717 |
||
| 245 | _aLa Cueva Junto al Mar / | ||
| 260 |
_aBarcelona : _bMateu ; _c1959. |
||
| 300 |
_a205 páginas ; _c20cm _bIlustraciones |
||
| 440 |
_aColección Cadete con Faldas _n5 _927718 |
||
| 505 | _aContenido: Novela | ||
| 650 |
_aNovela _9572 |
||
| 650 |
_aLiteratura juvenil _91580 |
||
| 700 |
_aIglesias, Carmen (versión) _927719 |
||
| 942 |
_2ddc _cLIBROS |
||
| 945 | _anom | ||